The Etruscan cities and Rome

Saved in:
Bibliographic Details
Main Author: Scullard, H. H. (Howard Hayes), 1903-
Format: Book
Language:English
Published: Ithaca, N.Y., Cornell University Press [1967]
Series:Aspects of Greek and Roman life
Subjects:
LEADER 01080nam a22003011 4500
001 c000142631
003 CARM
005 00000000000000.0
008 711005s1967 nyuab b 00010 eng
019 1 |a 672616  |5 LACONCORD2021 
035 |a (OCoLC)408310  |5 LACONCORD2021 
040 |d VIT 
043 |a e-it--- 
050 0 0 |a DG223  |b .S34 
100 1 |a Scullard, H. H.  |q (Howard Hayes),  |d 1903- 
245 1 4 |a The Etruscan cities and Rome  |c [by] H. H. Scullard. 
260 |a Ithaca, N.Y.,  |b Cornell University Press  |c [1967] 
300 |a 320 p.  |b illus., maps.  |c 23 cm. 
440 0 |a Aspects of Greek and Roman life 
504 |a Bibliographical references included in "Notes" (p. [285]-309) 
650 0 |a Etruscans  |z Italy. 
650 0 |a Art, Etruscan  |z Italy. 
651 0 |a Etruria. 
651 0 |a Italy  |x Antiquities. 
852 8 |b CARM  |h A2:AF23A0  |i B01293  |p 0063837  |f BK 
082 0 4 |a 913.37/5/03 
999 f f |i 66bacc7f-243f-57ef-a6b2-655360ad6fbf  |s fe9a19e8-d247-531c-9e8b-20a1d0757a3b 
952 f f |p Can circulate  |a CAVAL  |b CAVAL  |c CAVAL  |d CARM 1 Store  |e B01293  |f A2:AF23A0  |h Other scheme  |i book  |m 0063837